000 00796nac a22001931u 4500
008 101107s1993 xxu||||| |||| 00| 0 ara d
020 _a9771484028 (pbk.)
082 _a301.20953
_bم ح م
100 1 _aمحمود ، زكى نجيب
_98634
245 _aعربي بين ثقافتين /
_cزكى نجيب محمود
250 _aط 2.
260 _aالقاهرة :
_bدار الشروق ، 1993
_c1993.
300 _a418 ص ؛
_c18 سم.
500 _aيشتمل على فهارس
511 _aCatalogued by: Sara
650 _aالثقافة العربية
_913400
942 _cBB
_k301.20953 م ح م
_2ddc
999 _c5499
_d5499